Längste Fernsehserien - Statistiken

Allgemein
  • Dieses Quiz wurde 251 mal gespielt
  • Das Durchschnittsergebnis liegt bei 6 aus 37
Antwortstatistiken
Hinweis Titel % Korrekt
1992 - heute (RTL) Gute Zeiten, schlechte Zeiten
84%
1985 - heute (WDR) Lindenstraße
76%
1994 - heute (RTL) Unter uns
58%
1970 - heute (ARD) Tatort
54%
2006 - heute (ARD) Rote Rosen
46%
2006 - heute (RTL) Alles was zählt
35%
1992 - 2011 (ARD) Marienhof
30%
2005 - heute (ARD) Sturm der Liebe
28%
1995 - 2015 (ARD) Verbotene Liebe
25%
1971 - heute (DFF / ARD) Polizeiruf 110
24%
1977 - heute (ZDF) Der Alte
20%
1981 - heute (ZDF) Das Traumschiff
17%
1974 - 1998 (ZDF) Derrick
17%
1973 - heute Sesamstraße
16%
1996 - heute (RTL) Alarm für Cobra 11 – Die Autobahnpolizei
15%
1981 - 2013 (ZDF) Ein Fall für zwei
11%
1981 - heute (ZDF) Löwenzahn
10%
1989 - 2013 (ZDF) Forsthaus Falkenau
9%
1986 - 2013 (ZDF) Der Landarzt
8%
1994 - heute (SWR) Die Fallers - Eine Schwarzwaldfamilie
8%
1986 - heute (ARD) Großstadtrevier
7%
2003 - 2013 (Sat.1) K11 – Kommissare im Einsatz
7%
2003 - 2009, 2012 (Sat.1) Lenßen & Partner / Lenßen
4%
1995 - heute (ZDF) Wilsberg
4%
2003 - 2013 (Sat.1) Niedrig und Kuhnt – Kommissare ermitteln
3%
1988 - heute (ZDF / KIKA) Siebenstein
3%
1958 - 1968, 1999 - 2003 (NDR) Stahlnetz
2%
1965 - 1991 (DFF) Der Staatsanwalt hat das Wort
1%
1994 - heute (ZDF) Ein starkes Team
1%
1979 - 2001 (NDR) Hallo Spencer
1%
1982 - 2007 (ZDF) Terra X
1%
1957 - 1996 (ARD) Die sechs Siebeng’scheiten
0%
1970 - 1984, 1989 - 2000 (ZDF) Ehen vor Gericht
0%
1958 - 1978 (DFF) Fernsehpitaval
0%
1983–2007 (SFB / RBB) Rückblende
0%
1978 - heute (ZDF) SOKO 5113 / SOKO München
0%
1963 - 2003 Zur Person
0%
Keine übereinstimmenden Quizze gefunden
Verteilung der Resultate
Anzahl Personen mit jedem Resultat
Perzentil nach korrekt beantworteten Fragen
Ihre Resultats-Entwicklung
Sie haben dieses Quiz noch nicht gespielt